| 000 | 00797nam a2200229 a 4500 | ||
|---|---|---|---|
| 001 | 48826 | ||
| 003 | BD-RjUL | ||
| 005 | 20211209054607.0 | ||
| 008 | 160816s1984 bg ||||| |||| 00| p ben d | ||
| 020 | _c: Tk. 16.00 | ||
| 035 | _a(BD-RjUL) 48945 | ||
| 040 |
_aBD-RjUL _bben _cBD-RjUL |
||
| 041 | _aben | ||
| 082 |
_223 _a891.441 _bKAA 1984 |
||
| 100 | 1 |
_aকরিম, মোফাজ্জল _9147188 |
|
| 245 | 1 | 0 |
_aএকটি সার্টিফিকেট চাই / _cমোফাজ্জল করিম |
| 260 |
_aঢাকা : _bজাতীয় সাহিত্য প্রকাশনী, ১৯৮৪ |
||
| 300 |
_a৫৬ পৃ. ; _c২১ সেমি. |
||
| 650 |
_aবাংলা কবিতা _9147189 |
||
| 650 |
_aBengali Poetry _9147190 |
||
| 942 |
_2ddc _cBK |
||
| 999 |
_c48826 _d48826 |
||